[Event "Titled Tuesday intern op 20th Aug Early"]
[Site "Chess.com INT"]
[Date "2024.08.20"]
[Round "9"]
[White "Legenia, Artem"]
[Black "Hajiyev, Kanan"]
[Result "1/2-1/2"]
[WhiteElo "2092"]
[BlackElo "2109"]
[PlyCount "90"]
[EventDate "2024.08.20"]
[EventType "swiss (blitz)"]
[EventRounds "11"]
[EventCountry "USA"]
[SourceTitle "EXT 2025"]
[Source "ChessBase"]
[SourceDate "2024.10.14"]
[SourceVersion "1"]
[SourceVersionDate "2024.10.14"]
[SourceQuality "1"]

1. c4 a6 2. g3 c6 3. Bg2 d5 4. cxd5 cxd5 5. d4 Nf6 6. Nf3 Nc6 7. 0-0 Bf5 8. Nc3 e6 9. a3 Bd6 10. b4 0-0 11. Bf4 Bxf4 12. gxf4 Qc7 13. Qd2 Ne4 14. Nxe4 Bxe4 15. Rac1 Bxf3 16. Bxf3 Qb6 17. e3 a5 18. Rb1 axb4 19. axb4 Ra4 20. b5 Na5 21. Be2 Rc8 22. Rfc1 Nc4 23. Bxc4 Raxc4 24. Rxc4 Rxc4 25. Rb4 Rc8 26. Qa2 g6 27. Rb1 Kg7 28. Kg2 h5 29. Qa3 Rc2 30. Qb3 Qc7 31. Rb2 Rc1 32. Rb1 Rc3 33. Qb4 Rc4 34. Qb3 Qc8 35. h3 Qd8 36. Qa3 g5 37. fxg5 Qxg5+ 38. Kh2 Qf5 39. Rg1+ Kh7 40. Qf8 Qxf2+ 41. Rg2 Qf6 42. Qg8+ Kh6 43. Qf8+ Kh7 44. Qg8+ Kh6 45. Qf8+ Kh7 1/2-1/2

[Event "Titled Tuesday intern op 20th Aug Early"]
[Site "Chess.com INT"]
[Date "2024.08.20"]
[Round "1"]
[White "Legenia, Artem"]
[Black "Sherman, Reem"]
[Result "1-0"]
[WhiteElo "2092"]
[BlackElo "2358"]
[PlyCount "115"]
[EventDate "2024.08.20"]
[EventType "swiss (blitz)"]
[EventRounds "11"]
[EventCountry "USA"]
[SourceTitle "EXT 2025"]
[Source "ChessBase"]
[SourceDate "2024.10.14"]
[SourceVersion "1"]
[SourceVersionDate "2024.10.14"]
[SourceQuality "1"]

1. c4 c5 2. Nf3 b6 3. g3 Bb7 4. Bg2 e6 5. 0-0 Nf6 6. Nc3 Be7 7. b3 0-0 8. Bb2 d5 9. cxd5 exd5 10. d4 Nc6 11. Rc1 Rc8 12. dxc5 bxc5 13. e3 Qd7 14. Qd2 Rfd8 15. Rfd1 h6 16. h3 Qe6 17. Ne2 Ne4 18. Qc2 Bf6 19. a3 Bxb2 20. Qxb2 Ne7 21. Nf4 Qb6 22. Nh5 Qg6 23. Nf4 Qf6 24. Qxf6 Nxf6 25. Ne5 g5 26. Nfd3 Ne4 27. Rc2 f6 28. Nf3 c4 29. bxc4 dxc4 30. Nb2 c3 31. Nd3 Bc6 32. Nd4 Ba4 33. Bxe4 Bxc2 34. Nxc2 f5 35. Bg2 Rd6 36. Nd4 c2 37. Rc1 Rc3 38. Bf1 Rxa3 39. Nb5 Raa6 40. Nxd6 Rxd6 41. Rxc2 a6 42. Rc7 Kf7 43. Ne5+ Ke6 44. Nc4 Rd1 45. Kg2 h5 46. Ra7 Ra1 47. Nb6 a5 48. Bc4+ Kf6 49. Nd5+ Nxd5 50. Bxd5 h4 51. gxh4 gxh4 52. Kf3 a4 53. Kf4 a3 54. Ra6+ Ke7 55. Kxf5 Rf1 56. f4 Ra1 57. e4 Kd7 58. e5 1-0

[Event "Titled Tuesday intern op 06th Aug Early"]
[Site "Chess.com INT"]
[Date "2024.08.06"]
[Round "7"]
[White "Lewandowski, Rafal"]
[Black "Legenia, Artem"]
[Result "0-1"]
[WhiteElo "2106"]
[BlackElo "2092"]
[PlyCount "82"]
[EventDate "2024.08.06"]
[EventType "swiss (blitz)"]
[EventRounds "11"]
[EventCountry "USA"]
[SourceTitle "EXT 2025"]
[Source "ChessBase"]
[SourceDate "2024.10.14"]
[SourceVersion "1"]
[SourceVersionDate "2024.10.14"]
[SourceQuality "1"]

1. e4 Nf6 2. e5 Nd5 3. c4 Nb6 4. d4 d6 5. exd6 cxd6 6. h3 g6 7. Nf3 Bg7 8. Nc3 0-0 9. Be3 Nc6 10. Be2 e5 11. d5 Ne7 12. 0-0 Nf5 13. Bg5 Bf6 14. Bxf6 Qxf6 15. Ne4 Qe7 16. b4 Nd7 17. Rc1 Nf6 18. Nfg5 Nxe4 19. Nxe4 Nd4 20. c5 dxc5 21. bxc5 f5 22. d6 Qd8 23. Bc4+ Kg7 24. Nc3 b6 25. f4 bxc5 26. fxe5 Bb7 27. Nd5 Rb8 28. Ne7 Qd7 29. Re1 Rfe8 30. Qd2 h6 31. h4 Rbd8 32. h5 g5 33. Bd5 Bxd5 34. Nxd5 Rc8 35. Qf2 Qe6 36. Nf6 Red8 37. d7 Rc7 38. Rxc5 Rxc5 39. Qxd4 Rc7 40. Rd1 Qf7 41. Qd6 Rb7 0-1

[Event "Titled Tuesday intern op 06th Aug Early"]
[Site "Chess.com INT"]
[Date "2024.08.06"]
[Round "10"]
[White "Olhovik, Andrei"]
[Black "Legenia, Artem"]
[Result "0-1"]
[WhiteElo "2282"]
[BlackElo "2092"]
[PlyCount "60"]
[EventDate "2024.08.06"]
[EventType "swiss (blitz)"]
[EventRounds "11"]
[EventCountry "USA"]
[SourceTitle "EXT 2025"]
[Source "ChessBase"]
[SourceDate "2024.10.14"]
[SourceVersion "1"]
[SourceVersionDate "2024.10.14"]
[SourceQuality "1"]

1. d4 Nf6 2. c4 e6 3. Nc3 Bb4 4. a3 Bxc3+ 5. bxc3 c5 6. f3 d6 7. e4 Nc6 8. Be3 b6 9. Ne2 h6 10. Nc1 0-0 11. Bd3 Ba6 12. Nb3 Rc8 13. f4 cxd4 14. cxd4 d5 15. cxd5 Bxd3 16. Qxd3 exd5 17. e5 Ne4 18. 0-0 f5 19. exf6 Qxf6 20. f5 Rfe8 21. Bf4 a5 22. Qb5 Kh7 23. Qxd5 Rcd8 24. Qb5 Nxd4 25. Nxd4 Qxd4+ 26. Kh1 Nf2+ 27. Rxf2 Qxa1+ 28. Rf1 Re1 29. Kg1 Rxf1+ 30. Qxf1 Rd1 0-1

[Event "Titled Tuesday intern op 04th Jun Early"]
[Site "Chess.com INT"]
[Date "2024.06.04"]
[Round "2"]
[White "Legenia, Artem"]
[Black "Orujov, Farid"]
[Result "0-1"]
[WhiteElo "2092"]
[BlackElo "2243"]
[PlyCount "78"]
[EventDate "2024.06.04"]
[EventType "swiss (blitz)"]
[EventRounds "11"]
[EventCountry "USA"]
[SourceTitle "EXT 2025"]
[Source "ChessBase"]
[SourceDate "2024.10.14"]
[SourceVersion "1"]
[SourceVersionDate "2024.10.14"]
[SourceQuality "1"]

1. d4 d5 2. Nf3 Nf6 3. c4 c6 4. Nc3 e6 5. cxd5 exd5 6. Bg5 Be7 7. e3 Bf5 8. Qb3 Nbd7 9. Be2 0-0 10. 0-0 Nb6 11. Rac1 h6 12. Bh4 a5 13. a4 Nbd7 14. Rfd1 Qc8 15. Ne5 Bd6 16. Nb5 Bb8 17. Nxd7 Nxd7 18. Be7 Re8 19. Nd6 Bxd6 20. Bxd6 Nf6 21. h3 g5 22. Be5 Re6 23. Qa3 g4 24. h4 Qd8 25. g3 Ne4 26. Bf4 h5 27. b4 Qe7 28. Rb1 Nd2 29. Rxd2 Bxb1 30. Rb2 Be4 31. Qb3 axb4 32. Qxb4 Qxb4 33. Rxb4 b5 34. Bd1 bxa4 35. Rxa4 Rxa4 36. Bxa4 c5 37. Bc7 c4 38. Kf1 Ra6 39. Bd1 c3 0-1

[Event "Titled Tuesday intern op 04th Jun Early"]
[Site "Chess.com INT"]
[Date "2024.06.04"]
[Round "10"]
[White "Legenia, Artem"]
[Black "Tsyhanchuk, Stanislav"]
[Result "0-1"]
[WhiteElo "2092"]
[BlackElo "2273"]
[PlyCount "76"]
[EventDate "2024.06.04"]
[EventType "swiss (blitz)"]
[EventRounds "11"]
[EventCountry "USA"]
[SourceTitle "EXT 2025"]
[Source "ChessBase"]
[SourceDate "2024.10.14"]
[SourceVersion "1"]
[SourceVersionDate "2024.10.14"]
[SourceQuality "1"]

1. d4 Nf6 2. Nf3 d5 3. c4 e6 4. Bf4 Be7 5. Nc3 a6 6. e3 dxc4 7. Bxc4 b5 8. Bd3 Bb7 9. 0-0 Nbd7 10. a3 c5 11. Rc1 cxd4 12. exd4 Nb6 13. Ne5 0-0 14. Bb1 Rc8 15. Qd3 Nbd5 16. Bg5 g6 17. Bh6 Re8 18. h4 Nxc3 19. Rxc3 Qd5 20. f3 Rcd8 21. Rd1 Nd7 22. Ng4 Bxh4 23. Bf4 Be7 24. Ne3 Qh5 25. Rc7 Bd5 26. Nxd5 exd5 27. Rc6 Nb8 28. Rc7 Bd6 29. Bxd6 Rxd6 30. Rdc1 Rde6 31. Rc8 Kg7 32. Qd2 Nd7 33. Rxe8 Rxe8 34. Rc7 Nf6 35. Rc6 Qh4 36. Rc1 Nh5 37. Qf2 Ng3 38. Qd2 Ne2+ 0-1

[Event "Titled Tuesday intern op 04th Jun Early"]
[Site "Chess.com INT"]
[Date "2024.06.04"]
[Round "1"]
[White "Legenia, Artem"]
[Black "Volkov, Maksim"]
[Result "0-1"]
[WhiteElo "2092"]
[BlackElo "2333"]
[PlyCount "72"]
[EventDate "2024.06.04"]
[EventType "swiss (blitz)"]
[EventRounds "11"]
[EventCountry "USA"]
[SourceTitle "EXT 2025"]
[Source "ChessBase"]
[SourceDate "2024.10.14"]
[SourceVersion "1"]
[SourceVersionDate "2024.10.14"]
[SourceQuality "1"]

1. e4 c5 2. Nf3 d6 3. Bb5+ Nd7 4. c3 Ngf6 5. e5 dxe5 6. Nxe5 a6 7. Bxd7+ Nxd7 8. Nxd7 Bxd7 9. d4 cxd4 10. Qxd4 Bc6 11. Qxd8+ Rxd8 12. 0-0 e6 13. Be3 Bd6 14. Nd2 Bc7 15. Rad1 f6 16. Rfe1 Kf7 17. Nb3 Bd5 18. Nc5 a5 19. b3 g5 20. c4 Bc6 21. f3 h5 22. Rxd8 Rxd8 23. Nxe6 Kxe6 24. Bb6+ Kd7 25. Rd1+ Kc8 26. Rxd8+ Bxd8 27. Bd4 g4 28. f4 Kd7 29. g3 Ke6 30. Kf2 Kf5 31. Ke3 h4 32. a3 hxg3 33. hxg3 Be7 34. a4 Bf3 35. Bb6 Bb4 36. Kd3 Bd1 0-1

[Event "Titled Tuesday intern op 04th Jun Early"]
[Site "Chess.com INT"]
[Date "2024.06.04"]
[Round "11"]
[White "Manteiga, Franco"]
[Black "Legenia, Artem"]
[Result "0-1"]
[WhiteElo "2006"]
[BlackElo "2092"]
[PlyCount "66"]
[EventDate "2024.06.04"]
[EventType "swiss (blitz)"]
[EventRounds "11"]
[EventCountry "USA"]
[SourceTitle "EXT 2025"]
[Source "ChessBase"]
[SourceDate "2024.10.14"]
[SourceVersion "1"]
[SourceVersionDate "2024.10.14"]
[SourceQuality "1"]

1. d4 Nf6 2. c4 e5 3. dxe5 Ng4 4. e3 Nxe5 5. Nh3 Nbc6 6. Nf4 Bb4+ 7. Bd2 Bxd2+ 8. Qxd2 0-0 9. Nc3 d6 10. Be2 b6 11. 0-0 Ne7 12. Nfd5 Bb7 13. f4 N5g6 14. Rad1 Nxd5 15. cxd5 Re8 16. e4 a6 17. Bd3 Nf8 18. Qf2 Nd7 19. Bb1 Qf6 20. Qc2 g6 21. e5 dxe5 22. Ne4 Qd8 23. fxe5 Rxe5 24. Qf2 f5 25. Nc3 Nf6 26. a3 Qd6 27. Qd4 Rd8 28. Ba2 Kg7 29. Qh4 Ng4 30. Rfe1 Qc5+ 31. Kh1 Nf2+ 32. Kg1 Nxd1+ 33. Kf1 Ne3+ 0-1

[Event "Titled Tuesday intern op 02nd Jan Early"]
[Site "Chess.com INT"]
[Date "2024.01.02"]
[Round "4"]
[White "Csonka, Balazs"]
[Black "Legenia, Artem"]
[Result "1-0"]
[WhiteElo "2479"]
[BlackElo "2092"]
[PlyCount "57"]
[EventDate "2024.01.02"]
[EventType "swiss (blitz)"]
[EventRounds "11"]
[EventCountry "USA"]
[SourceTitle "EXT 2025"]
[Source "ChessBase"]
[SourceDate "2024.10.14"]
[SourceVersion "1"]
[SourceVersionDate "2024.10.14"]
[SourceQuality "1"]

1. e4 c6 2. d4 d5 3. exd5 cxd5 4. c4 Nf6 5. Nc3 e6 6. Nf3 dxc4 7. Bxc4 a6 8. 0-0 b5 9. Bb3 Bb7 10. Re1 Be7 11. Bg5 0-0 12. Qe2 Qb6 13. d5 b4 14. dxe6 bxc3 15. exf7+ Kh8 16. Qxe7 Nc6 17. Qxf6 cxb2 18. Qxb2 Na5 19. Re6 Qb4 20. Bd2 Qg4 21. h3 Qh5 22. Re5 Qg6 23. Rxa5 Bxf3 24. Rg5 Qf6 25. Qxf6 gxf6 26. Rg8+ Rxg8 27. fxg8Q+ Rxg8 28. Bxg8 Kxg8 29. gxf3 1-0

[Event "Titled Tuesday intern op 02nd Jan Early"]
[Site "Chess.com INT"]
[Date "2024.01.02"]
[Round "3"]
[White "Klukin, Kirill"]
[Black "Legenia, Artem"]
[Result "1-0"]
[WhiteElo "2390"]
[BlackElo "2092"]
[PlyCount "67"]
[EventDate "2024.01.02"]
[EventType "swiss (blitz)"]
[EventRounds "11"]
[EventCountry "USA"]
[SourceTitle "EXT 2025"]
[Source "ChessBase"]
[SourceDate "2024.10.14"]
[SourceVersion "1"]
[SourceVersionDate "2024.10.14"]
[SourceQuality "1"]

1. d4 d5 2. c4 e6 3. Nc3 c6 4. Nf3 Nf6 5. e3 Be7 6. Qc2 Nbd7 7. Bd3 0-0 8. 0-0 b6 9. b3 dxc4 10. bxc4 c5 11. d5 exd5 12. cxd5 Bb7 13. e4 Re8 14. Bb2 Bd6 15. Rad1 a6 16. a4 Qc7 17. h3 h6 18. Nd2 Bh2+ 19. Kh1 Bf4 20. Nc4 Ne5 21. Nxe5 Bxe5 22. Rfe1 c4 23. Bf1 Rad8 24. g3 Bd6 25. Bg2 Nd7 26. f4 Nc5 27. e5 Bf8 28. d6 Qb8 29. Nd5 Nd3 30. Rxd3 cxd3 31. Qxd3 Qa8 32. Rd1 Bxd6 33. exd6 Rxd6 34. Nf6+ 1-0

[Event "Titled Tuesday intern op 02nd Jan Early"]
[Site "Chess.com INT"]
[Date "2024.01.02"]
[Round "2"]
[White "Legenia, Artem"]
[Black "Harshavardhan, GB."]
[Result "1-0"]
[WhiteElo "2092"]
[BlackElo "2392"]
[PlyCount "79"]
[EventDate "2024.01.02"]
[EventType "swiss (blitz)"]
[EventRounds "11"]
[EventCountry "USA"]
[SourceTitle "EXT 2025"]
[Source "ChessBase"]
[SourceDate "2024.10.14"]
[SourceVersion "1"]
[SourceVersionDate "2024.10.14"]
[SourceQuality "1"]

1. c4 e5 2. g3 g6 3. Bg2 Bg7 4. Nc3 Ne7 5. Nf3 Nbc6 6. 0-0 0-0 7. d3 d6 8. Rb1 a5 9. a3 h6 10. b4 axb4 11. axb4 Be6 12. b5 Na5 13. Nd2 f5 14. Nd5 Rb8 15. f4 b6 16. e4 fxe4 17. dxe4 Bxd5 18. cxd5 exf4 19. gxf4 Qd7 20. Kh1 Rf7 21. Nf3 Rbf8 22. Nd4 g5 23. Ne6 gxf4 24. Nxf8 Rxf8 25. Rxf4 Rxf4 26. Bxf4 Ng6 27. Be3 Nc4 28. Bd4 Nce5 29. Qh5 Qe7 30. Bh3 Nf4 31. Qf5 Qh4 32. Qc8+ Kh7 33. Bf5+ Nfg6 34. Rg1 Qf4 35. Bxg6+ Nxg6 36. Bxg7 Qf3+ 37. Rg2 Qf1+ 38. Rg1 Qf3+ 39. Rg2 Nh4 40. Qh8# 1-0

[Event "Titled Tuesday intern op 02nd Jan Early"]
[Site "Chess.com INT"]
[Date "2024.01.02"]
[Round "6"]
[White "Legenia, Artem"]
[Black "Maltsevskaya, Aleksandra"]
[Result "1-0"]
[WhiteElo "2092"]
[BlackElo "2378"]
[PlyCount "83"]
[EventDate "2024.01.02"]
[EventType "swiss (blitz)"]
[EventRounds "11"]
[EventCountry "USA"]
[SourceTitle "EXT 2025"]
[Source "ChessBase"]
[SourceDate "2024.10.14"]
[SourceVersion "1"]
[SourceVersionDate "2024.10.14"]
[SourceQuality "1"]

1. c4 Nf6 2. Nf3 g6 3. b3 Bg7 4. Bb2 d6 5. g3 0-0 6. Bg2 e5 7. 0-0 Nbd7 8. d3 Nc5 9. Qc2 a5 10. Nbd2 a4 11. Rab1 axb3 12. axb3 c6 13. Ra1 Rxa1 14. Rxa1 Qb6 15. Bc3 Be6 16. b4 Ncd7 17. Qb2 h6 18. e3 Nh5 19. d4 e4 20. Ne1 f5 21. f3 d5 22. c5 Qd8 23. f4 g5 24. Nf1 Kh7 25. b5 Ndf6 26. h3 gxf4 27. exf4 e3 28. bxc6 bxc6 29. Qe2 Ne4 30. Qxe3 Nxc3 31. Qxc3 Qf6 32. Nf3 Rb8 33. Ne5 Bc8 34. Qd3 Rb2 35. Qc3 Rb8 36. Qf3 Nxg3 37. Nxg3 Qh4 38. Ra7 Rb1+ 39. Kh2 Be6 40. Qh5 Qf6 41. Qe8 Rb2 42. Nh5 1-0

[Event "Titled Tuesday intern op 22nd Aug Early"]
[Site "Chess.com INT"]
[Date "2023.08.22"]
[Round "7"]
[White "Fernandez, Gerardo"]
[Black "Legenia, Artem"]
[Result "1-0"]
[WhiteElo "2181"]
[BlackElo "2092"]
[PlyCount "99"]
[EventDate "2023.08.22"]
[EventType "swiss (blitz)"]
[EventRounds "11"]
[EventCountry "USA"]
[SourceTitle "EXT 2024"]
[Source "ChessBase"]
[SourceDate "2023.10.10"]
[SourceVersion "1"]
[SourceVersionDate "2023.10.10"]
[SourceQuality "1"]

1. e4 d5 2. exd5 Qxd5 3. Nc3 Qa5 4. g3 Nf6 5. Bg2 Nc6 6. Nge2 Bg4 7. h3 Bf5 8. 0-0 0-0-0 9. d3 e5 10. Be3 e4 11. d4 Bb4 12. a3 Bxc3 13. Nxc3 Nxd4 14. Bxd4 c5 15. b4 cxb4 16. axb4 Qxb4 17. Ne2 e3 18. c3 Qd6 19. Bxe3 Qxd1 20. Rfxd1 a6 21. Bb6 Rde8 22. Nf4 Nd7 23. Nd5 Ne5 24. Bd4 f6 25. f4 Nc4 26. Re1 Kb8 27. Kf2 h5 28. Rxe8+ Rxe8 29. Re1 Rxe1 30. Kxe1 a5 31. Ne3 Nxe3 32. Bxe3 Kc7 33. Bc5 b6 34. Bf8 a4 35. Kd2 Kd7 36. Kc1 b5 37. Bf1 Kc6 38. Kb2 Kd5 39. Bxg7 Ke4 40. Bxf6 Kf3 41. Bh4 Bd7 42. Ka3 Kf2 43. Bd3 Kg2 44. f5 Kxh3 45. f6 Be8 46. Bxb5 Bf7 47. Kxa4 Kg4 48. Kb4 Kf5 49. Bc4 Be8 50. f7 1-0

[Event "Titled Tuesday intern op 22nd Aug Early"]
[Site "Chess.com INT"]
[Date "2023.08.22"]
[Round "2"]
[White "Legenia, Artem"]
[Black "Petrosian, Karlen"]
[Result "0-1"]
[WhiteElo "2092"]
[BlackElo "2348"]
[PlyCount "72"]
[EventDate "2023.08.22"]
[EventType "swiss (blitz)"]
[EventRounds "11"]
[EventCountry "USA"]
[SourceTitle "EXT 2024"]
[Source "ChessBase"]
[SourceDate "2023.10.10"]
[SourceVersion "1"]
[SourceVersionDate "2023.10.10"]
[SourceQuality "1"]

1. Nf3 Nf6 2. c4 d6 3. g3 g6 4. Bg2 Bg7 5. 0-0 0-0 6. Nc3 Nc6 7. d3 e5 8. Rb1 a5 9. Bg5 h6 10. Bxf6 Qxf6 11. Nd5 Qd8 12. Nd2 Ne7 13. a3 c6 14. Nxe7+ Qxe7 15. b4 axb4 16. axb4 Be6 17. b5 d5 18. Qc2 h5 19. e3 h4 20. bxc6 bxc6 21. Qb3 Rfd8 22. Qb7 Qxb7 23. Rxb7 Ra2 24. cxd5 cxd5 25. Nb3 h3 26. Bf3 Bf8 27. d4 e4 28. Bh1 Rb2 29. Rc1 Bg4 30. Nc5 Rxb7 31. Nxb7 Ra8 32. Nc5 Ra2 33. Nd7 Ba3 34. Nf6+ Kg7 35. Ne8+ Kf8 36. Rb1 Kxe8 0-1

[Event "Titled Tuesday intern op 08th Aug Early"]
[Site "Chess.com INT"]
[Date "2023.08.08"]
[Round "11"]
[White "Legenia, Artem"]
[Black "Berezin, Viktor1"]
[Result "1-0"]
[WhiteElo "2092"]
[BlackElo "2307"]
[PlyCount "85"]
[EventDate "2023.08.08"]
[EventType "swiss (blitz)"]
[EventRounds "11"]
[EventCountry "USA"]
[SourceTitle "EXT 2024"]
[Source "ChessBase"]
[SourceDate "2023.10.10"]
[SourceVersion "1"]
[SourceVersionDate "2023.10.10"]
[SourceQuality "1"]

1. b4 e5 2. a3 d6 3. Bb2 g6 4. e3 Bg7 5. Nf3 Nf6 6. Be2 0-0 7. c4 a5 8. 0-0 Na6 9. b5 Nc5 10. Nc3 e4 11. Nd4 h5 12. d3 exd3 13. Bxd3 Re8 14. a4 Ng4 15. h3 Ne5 16. Be2 Qg5 17. Kh2 Qd8 18. Nd5 Ne4 19. Rc1 Bd7 20. b6 cxb6 21. Ba3 Nc6 22. Nb5 Qg5 23. Qe1 Rad8 24. f4 Qf5 25. Bf3 h4 26. Bxe4 Qxe4 27. Nxd6 Qd3 28. Nxe8 Rxe8 29. Bd6 Bf5 30. Rd1 Qxc4 31. Nxb6 Qb3 32. Nd5 Kh8 33. Qxh4+ Kg8 34. Nf6+ Bxf6 35. Qxf6 Rxe3 36. Rde1 Rxh3+ 37. Kg1 Qb6+ 38. Rf2 Re3 39. Rd1 Re6 40. Qh4 Nd4 41. Be5 Ne2+ 42. Kf1 Re8 43. Qh8# 1-0

[Event "Titled Tuesday intern op 08th Aug Early"]
[Site "Chess.com INT"]
[Date "2023.08.08"]
[Round "7"]
[White "Weishaeutel, Moritz"]
[Black "Legenia, Artem"]
[Result "1-0"]
[WhiteElo "2427"]
[BlackElo "2092"]
[PlyCount "67"]
[EventDate "2023.08.08"]
[EventType "swiss (blitz)"]
[EventRounds "11"]
[EventCountry "USA"]
[SourceTitle "EXT 2024"]
[Source "ChessBase"]
[SourceDate "2023.10.10"]
[SourceVersion "1"]
[SourceVersionDate "2023.10.10"]
[SourceQuality "1"]

1. e4 e6 2. d4 d5 3. exd5 exd5 4. Nf3 Nf6 5. Bd3 Bd6 6. 0-0 0-0 7. Bg5 h6 8. Bh4 Bg4 9. Nbd2 Nbd7 10. c4 c6 11. c5 Bc7 12. Qc2 Re8 13. b4 Bf4 14. b5 Qc7 15. Bg3 Bxg3 16. hxg3 cxb5 17. Bxb5 Bxf3 18. Nxf3 Re7 19. Qf5 b6 20. c6 Nf8 21. Ne5 Ne6 22. Rfd1 Ne4 23. Rac1 Nd6 24. Qd3 Nd8 25. Ba4 a6 26. Bb3 Nc4 27. Bxc4 dxc4 28. Qxc4 b5 29. Qc5 Rc8 30. f4 f6 31. d5 Nb7 32. cxb7 Qxc5+ 33. Rxc5 Rxc5 34. b8Q+ 1-0

[Event "Titled Tuesday intern op 04th Apr Early"]
[Site "Chess.com INT"]
[Date "2023.04.04"]
[Round "6"]
[White "Legenia, Artem"]
[Black "Deveci, Huseyin Said"]
[Result "0-1"]
[WhiteElo "2092"]
[BlackElo "1965"]
[PlyCount "74"]
[EventDate "2023.04.04"]
[EventType "swiss (blitz)"]
[EventRounds "11"]
[EventCountry "USA"]
[SourceTitle "EXT 2024"]
[Source "ChessBase"]
[SourceDate "2023.10.10"]
[SourceVersion "1"]
[SourceVersionDate "2023.10.10"]
[SourceQuality "1"]

1. e4 e5 2. Nf3 Nc6 3. Nc3 Nf6 4. Nxe5 Nxe5 5. d4 Nc6 6. d5 Ne5 7. f4 Ng6 8. e5 Ng8 9. d6 cxd6 10. Bc4 dxe5 11. 0-0 Nf6 12. fxe5 Nxe5 13. Qe2 d6 14. Bg5 Be7 15. Bb5+ Bd7 16. Bxd7+ Qxd7 17. Rad1 0-0-0 18. Rf4 h6 19. Bxf6 Bxf6 20. Nd5 Bg5 21. Rb4 Rhe8 22. Qf2 Nc6 23. Ra4 Qe6 24. b4 Qxd5 25. Rxd5 Be3 26. b5 Bxf2+ 27. Kxf2 Ne7 28. Rd3 Kb8 29. c4 b6 30. Rf3 f6 31. Rg3 g5 32. Rf3 f5 33. Raa3 f4 34. Rad3 Ng6 35. Rb3 Ne5 36. Rfc3 Rc8 37. h3 Rxc4 0-1

[Event "Titled Tuesday intern op 04th Apr Early"]
[Site "Chess.com INT"]
[Date "2023.04.04"]
[Round "8"]
[White "Legenia, Artem"]
[Black "Gazineu Neto, Rubens"]
[Result "0-1"]
[WhiteElo "2092"]
[BlackElo "1912"]
[PlyCount "134"]
[EventDate "2023.04.04"]
[EventType "swiss (blitz)"]
[EventRounds "11"]
[EventCountry "USA"]
[SourceTitle "EXT 2024"]
[Source "ChessBase"]
[SourceDate "2023.10.10"]
[SourceVersion "1"]
[SourceVersionDate "2023.10.10"]
[SourceQuality "1"]

1. e4 c5 2. Nf3 Nc6 3. c3 d5 4. exd5 Qxd5 5. d4 Bg4 6. Be2 cxd4 7. cxd4 e6 8. 0-0 Nf6 9. Nc3 Qd8 10. h3 Bh5 11. Be3 Be7 12. Qa4 0-0 13. Rfd1 Nd5 14. Rac1 a6 15. Ne4 b5 16. Qc2 Bg6 17. Qxc6 Bxe4 18. Nd2 Nxe3 19. Qxe4 Nxd1 20. Rxd1 Rc8 21. Bd3 g6 22. Nf3 Bf6 23. h4 Qd5 24. Qg4 h5 25. Qg3 Kg7 26. Bb1 Rfd8 27. Re1 Qd6 28. Qh3 Qf4 29. Bd3 Rc1 30. Rxc1 Qxc1+ 31. Kh2 Bxd4 32. Qg3 Bf6 33. Ne5 Bxe5 34. Qxe5+ Kg8 35. Be4 Qd2 36. Kg1 Qd6 37. Qc3 Qd1+ 38. Kh2 Qd4 39. Qf3 Qe5+ 40. g3 Rd2 41. Kg2 Qxb2 42. Bb7 a5 43. Qf4 Kg7 44. Kg1 Rd1+ 45. Kg2 Qd4 46. Qf3 Rd2 47. Ba8 Rxa2 48. Be4 b4 49. Bb7 Ra3 50. Qe2 Rd3 51. Be4 Rd2 52. Qf3 b3 53. Bb1 b2 54. Be4 a4 55. Bb1 a3 56. Ba2 Rd1 57. Qb3 Ra1 58. Kf3 Rd1 59. Kg2 Rd3 60. Qb7 Rd2 61. Qf3 Qd3 62. Qf4 b1Q 63. Bxb1 Qxb1 64. Qe5+ Kh7 65. Qf6 Qf5 66. Qe7 Qxf2+ 67. Kh3 Qg2# 0-1

[Event "Titled Tuesday intern op 17th Jan Early"]
[Site "Chess.com INT"]
[Date "2023.01.17"]
[Round "2"]
[White "Flis, Pawel"]
[Black "Legenia, Artem"]
[Result "0-1"]
[WhiteElo "1901"]
[BlackElo "2092"]
[PlyCount "132"]
[EventDate "2023.01.17"]
[EventType "swiss (blitz)"]
[EventRounds "11"]
[EventCountry "USA"]
[SourceTitle "CBM 212 Extra"]
[Source "ChessBase"]
[SourceDate "2023.03.31"]
[SourceVersion "1"]
[SourceVersionDate "2023.03.31"]
[SourceQuality "1"]

1. e4 b6 2. d4 Bb7 3. Bd3 d6 4. Nf3 e6 5. 0-0 h6 6. c4 Nd7 7. Nc3 a6 8. d5 e5 9. Be3 g6 10. b4 Bg7 11. a3 Ne7 12. Rc1 f5 13. exf5 gxf5 14. Nh4 0-0 15. Qh5 Nf6 16. Qe2 Bc8 17. c5 f4 18. Bd2 dxc5 19. bxc5 Nfxd5 20. Bc4 Be6 21. cxb6 cxb6 22. Nxd5 Bxd5 23. Bb4 Bf6 24. Bxe7 Bxe7 25. Ng6 Bxc4 26. Qxc4+ Kg7 27. Rfd1 Qe8 28. Nxf8 Qxf8 29. Qe6 f3 30. Rc7 Re8 31. Qxe5+ Kg8 32. Rdd7 Bf6 33. Qg3+ Kh8 34. gxf3 Re1+ 35. Kg2 Qg8 36. Rh7+ Qxh7 37. Rxh7+ Kxh7 38. Qf4 Bg5 39. Qf7+ Kh8 40. Qf8+ Kh7 41. Qb4 Re6 42. Qc4 Rg6 43. Kh3 b5 44. Qc7+ Rg7 45. Qc6 Rg6 46. Qe4 Kg7 47. f4 Bf6 48. f5 Rg5 49. Qe6 h5 50. f4 Rg4 51. Qd7+ Kh6 52. Qf7 Bd4 53. Qf8+ Kh7 54. Qf7+ Kh6 55. Qe6+ Kg7 56. f6+ Kg6 57. f7+ Kg7 58. Qe8 Bc5 59. Qe5+ Kxf7 60. Qxc5 Rxf4 61. Qxh5+ Kf6 62. Qh6+ Ke5 63. Qg7+ Kf5 64. Qf7+ Ke4 65. Qe6+ Kf3 66. Qxa6 Ke3 0-1

[Event "Titled Tuesday intern op 17th Jan Early"]
[Site "Chess.com INT"]
[Date "2023.01.17"]
[Round "3"]
[White "Kochiev, Ivan"]
[Black "Legenia, Artem"]
[Result "1-0"]
[WhiteElo "2046"]
[BlackElo "2092"]
[PlyCount "39"]
[EventDate "2023.01.17"]
[EventType "swiss (blitz)"]
[EventRounds "11"]
[EventCountry "USA"]
[SourceTitle "CBM 212 Extra"]
[Source "ChessBase"]
[SourceDate "2023.03.31"]
[SourceVersion "1"]
[SourceVersionDate "2023.03.31"]
[SourceQuality "1"]

1. e4 b6 2. d4 Bb7 3. Bd3 e6 4. f4 a6 5. Nf3 d6 6. 0-0 Nd7 7. c3 Ne7 8. Qe2 g6 9. Be3 Bg7 10. Nbd2 0-0 11. Rae1 c5 12. g4 h6 13. f5 exf5 14. gxf5 Nf6 15. e5 cxd4 16. exf6 dxe3 17. fxg7 Kxg7 18. f6+ Kxf6 19. Qxe3 Kg7 20. Qxe7 1-0